| 000 | 01528cam a22003614i 4500 | ||
|---|---|---|---|
| 003 | PE-LiUPU | ||
| 005 | 20250731184106.0 | ||
| 008 | 150625s r 000 0 d | ||
| 035 | _a(Sirsi) a30580 | ||
| 040 |
_aPE-LiUPU _bspa _cPE-LiUPU _erda |
||
| 082 | 0 | 4 |
_a869.569 _bA581c _223 |
| 100 | 1 |
_aAngeles Caballero, César A., _d1923- , _eautor. |
|
| 245 | 1 | 0 |
_aCesar Vallejo : _bsu obra / _cCésar Ángeles Caballero. |
| 264 | 1 |
_aLima : _bSan Marcos, _c1993. |
|
| 300 |
_a254 páginas. _c21 centímetros. |
||
| 336 |
_atext _2rdacontent |
||
| 337 |
_aunmediated _2rdamedia |
||
| 338 |
_avolume _2rdacarrier |
||
| 505 | 0 | _aCauce. - Poesía y magisterio. - El rito del paisaje. - Presencia de España. - Motivos folklóricos. - Intención cristiana. - Quehacer periodístico. - Apostilla al lenguaje de vallejiano. - Los peruanísmos. - El retorno. - Varia temática. - Bibliografía general. | |
| 526 | _aP145 | ||
| 526 | _aP127 | ||
| 526 | _aP97 | ||
| 526 | _aP14 | ||
| 526 | _aP07 | ||
| 600 | 1 |
_aVallejo, César. _d1892-1938 _xObras |
|
| 650 | 0 | 4 |
_aPoetas peruanos _xBiobibliografía. |
| 942 |
_2ddc _cBK _n0 |
||
| 949 |
_a869.569 OZ6A _wDEWEY _c1 _i36051 _lCCODEBUL1 _mBUL _p00.00 _r0 _sY _tBOOK _u2015-06-25 _xBIBLIOTECA _zUNKNOWN _0COMPRA _o.STAFF. Colección General |
||
| 949 |
_a869.569 OZ6A _wDEWEY _c2 _i38255 _lCCODEBUL1 _mBUL _p00.00 _r0 _sY _tBOOK _u2015-06-25 _xBIBLIOTECA _zUNKNOWN _0COMPRA _o.STAFF. Colección General |
||
| 980 |
_81 _gALBERTO SANCHEZ Responsable de Automatización |
||
| 999 |
_c38040 _d38040 |
||